Online Catalogue and eLibrary

It was the babbler's nest (Record no. 3442)

MARC details
000 -LEADER
fixed length control field 00402nam a2200169Ia 4500
005 - DATE AND TIME OF LATEST TRANSACTION
control field 20250123004150.0
008 - FIXED-LENGTH DATA ELEMENTS--GENERAL INFORMATION
fixed length control field 240331s9999 xx 000 0 und d
082 ## - DDC Classification
Item Number - Author Mark FEL
Class No. 920
100 ## - MAIN ENTRY--PERSONAL NAME
Personal name Felsinger, C
245 #0 - TITLE STATEMENT
Title It was the babbler's nest
260 ## - PUBLICATION, DISTRIBUTION, ETC.
Place of publication, distribution, etc. Colombo
Name of publisher, distributor, etc. Lake House Investments Ltd
Date of publication, distribution, etc. 1972
300 ## - PHYSICAL DESCRIPTION
Extent (e.g. Volumes, Pages etc.) 155 p .,
500 ## - GENERAL NOTE
General note
650 ## - SUBJECT ADDED ENTRY--TOPICAL TERM
Topical term or geographic name entry element Poems
650 ## - SUBJECT ADDED ENTRY--TOPICAL TERM
Topical term or geographic name entry element Short Stories
942 ## - Koha item type (Biblio)
Koha item type Books in Stacks (Lending)
Holdings
Lost status Damaged status Collection code Home library Current library Shelving location Date acquired Full call number Accession Number Item type
    Lending WERC Library WERC Library Social Science Cupboard 03/31/2024 820 FEL 113 Books in Stacks (Lending)

© WERC Library